CATÁLOGO PÚBLICO DE LA BIBLIOTECA OSCAR VARSAVSKY

Informes sobre antecedentes y aplicación de la matriz DOFA a las líneas generales, los planes nacionales y cadenas productivas. (Registro nro. 5072)

Detalles MARC
000 -CABECERA
campo de control de longitud fija 00568nam a22001577a 4500
001 - NÚMERO DE CONTROL
campo de control T027600003931
008 - DATOS DE LONGITUD FIJA--INFORMACIÓN GENERAL
campo de control de longitud fija 181111b xve|||||r|||| 00| | esp d
099 ## - SIGNATURA TOPOGRÁFICA LOCAL
Número de clasificación IVP-D-00588
Cutter
100 ## - ENTRADA PRINCIPAL--NOMBRE DE PERSONA
Nombre de persona Ministerio de Planificación y Desarrollo.
245 ## - MENCIÓN DE TÍTULO
Título Informes sobre antecedentes y aplicación de la matriz DOFA a las líneas generales, los planes nacionales y cadenas productivas.
260 ## - PUBLICACIÓN, DISTRIBUCIÓN, ETC. (PIE DE IMPRENTA)
Lugar de publicación, distribución, etc.
500 ## - NOTA GENERAL
Nota general Fotocopiado
650 ## - PUNTO DE ACCESO ADICIONAL DE MATERIA--TÉRMINO DE MATERIA
Término de materia o nombre geográfico como elemento inicial Planes de Desarrollo-- Planeación-Matriz DOFA—Venezuela
650 ## - PUNTO DE ACCESO ADICIONAL DE MATERIA--TÉRMINO DE MATERIA
Término de materia o nombre geográfico como elemento inicial Planes de Desarrollo--Producción--Venezuela.
942 ## - ELEMENTOS DE PUNTO DE ACCESO ADICIONAL (KOHA)
Tipo de ítem Koha Libro
Existencias
Estado de retiro Estado de pérdida Estado dañado No para préstamo Código de colección Localización permanente Ubicación/localización actual Ubicación en estantería Fecha de adquisición Total de préstamos Signatura topográfica completa Código de barras Fecha visto por última vez Precio válido a partir de Tipo de ítem Koha Número de copia
        IVP Oscar Varsavsky Oscar Varsavsky Caja N° 94 13.11.2018   IVP-D-00588 T027600003923 13.11.2018 13.11.2018 Documento  
        IVP Oscar Varsavsky Oscar Varsavsky Caja N° 94 13.11.2018   IVP-D-00588 T027600010369 13.11.2018 13.11.2018 Documento e.2